Skip to main content
Your cart is empty.
Your lists
Log in to create your own lists
Your cookies
العربية
English
العربية
Home
Search
Advanced search
Authority search
About
The noble scholar, jurist, historian
His Excellency Dr. Abdul Wahhab bin Ibrahim Abu Sulaiman, may Allah have mercy on him.
He was born in Umm Al-Qura in the year 1356 AH.
Library catalog
Title
Author
Subject
ISBN
ISSN
Series
Call number
Log in to your account
×
Login:
Password:
Home
MARC view: أثر العيب في المعاملات المالية :
Normal view
MARC view
ISBD view
أثر العيب في المعاملات المالية : (Record no. 6634)
[
view plain
]
MARC details
000 -LEADER
fixed length control field
02807cam a2200337 i 4500
003 - CONTROL NUMBER IDENTIFIER
control field
SA-RiAUC
005 - DATE AND TIME OF LATEST TRANSACTION
control field
20250326115514.0
008 - FIXED-LENGTH DATA ELEMENTS--GENERAL INFORMATION
fixed length control field
250322s2009____jo f b 000 0 ara c
020 ## - INTERNATIONAL STANDARD BOOK NUMBER
International Standard Book Number
9789957477547
024 0# - OTHER STANDARD IDENTIFIER
Standard number or code
00000000668846
040 ## - CATALOGING SOURCE
Original cataloging agency
SA-RiKAPL
Language of cataloging
ara
Transcribing agency
SA-RiAUC
Modifying agency
AE-DuMBRL
Description conventions
rda
043 ## - GEOGRAPHIC AREA CODE
Geographic area code
a-jo---
082 04 - DEWEY DECIMAL CLASSIFICATION NUMBER
Classification number
346.568
Assigning agency
SA-RiAUC
090 ## - LOCALLY ASSIGNED LC-TYPE CALL NUMBER (OCLC); LOCAL CALL NUMBER (RLIN)
Classification number (OCLC) (R) ; Classification number, CALL (RLIN) (NR)
346.568
Local cutter number (OCLC) ; Book number/undivided call number, CALL (RLIN)
ع ز ا
090 ## - LOCALLY ASSIGNED LC-TYPE CALL NUMBER (OCLC); LOCAL CALL NUMBER (RLIN)
Classification number (OCLC) (R) ; Classification number, CALL (RLIN) (NR)
عزا / (28)347.451.1
100 1# - MAIN ENTRY--PERSONAL NAME
Personal name
عزام، طارق صالح يوسف
Relator term
مؤلف.
245 10 - TITLE STATEMENT
Title
أثر العيب في المعاملات المالية :
Remainder of title
دراسة مقارنة بين الفقه الإسلامي والقانون المدني /
Statement of responsibility, etc.
الدكتور طارق صالح يوسف عزام.
250 ## - EDITION STATEMENT
Edition statement
الطبعة الأولى.
264 #1 - PRODUCTION, PUBLICATION, DISTRIBUTION, MANUFACTURE, AND COPYRIGHT NOTICE
Place of production, publication, distribution, manufacture
عمان، الأردن :
Name of producer, publisher, distributor, manufacturer
دار النفائس للنشر والتوزيع،
Date of production, publication, distribution, manufacture, or copyright notice
2009.
300 ## - PHYSICAL DESCRIPTION
Extent
159 صفحة ؛
Dimensions
24 × 17 سم
336 ## - CONTENT TYPE
Content type term
نص
Content type code
txt
Source
rdacontent
Materials specified
كتاب
337 ## - MEDIA TYPE
Media type term
بدون وسيط
Media type code
n
Source
rdamedia
338 ## - CARRIER TYPE
Carrier type term
مجلد
Carrier type code
nc
Source
rdacarrier
504 ## - BIBLIOGRAPHY, ETC. NOTE
Bibliography, etc. note
ببليوجرافية : صفحة 143-153.
520 ## - SUMMARY, ETC.
Summary, etc.
يتناول كتاب (أثر العيب في المعاملات : دراسة مقارنة بين الفقه الإسلامي والقانون المدني) والذي قامه بتأليفه (الدكتور طارق صالح يوسف عزام) في حوالي (159) صفحة من القطع المتوسط موضوع (المعاملات في الفقه الإسلامي في الأردن، القانون المدني في الأردن) مستعرضا المحتويات التالية : الإهداء، شكر وتقدير، الملخص : أثر العيب في المعاملات المالية في الفقه الإسلامي في القانون الأردني، الفصل الأول : أحكام خيار العيب، المبحث الأول : تعريف خيار العيب، ومشروعيته، والحكمة من تشريعه، المبحث الثاني، حكم العقد مع خيار العيب،المبحث الثالث : الرد-شرائطه وكيفيته، المبحث الرابع : طرق إثبات العيب...، المبحث الثاني : أسباب ضمان العيب وحالاته، المبحث الثالث : شروط العيب، المبحث الرابع : شروط تأثير العيب (ثبوت العيب)، المبحث الخامس : تقدير ضمان العيب، المبحث السادس : مسقطات ضمان العيب، الخاتمة، قائمة المراجع، الفهرس.
650 #7 - SUBJECT ADDED ENTRY--TOPICAL TERM
Topical term or geographic name entry element
القانون المدني
Geographic subdivision
الأردن
Source of heading or term
aucsh
650 #7 - SUBJECT ADDED ENTRY--TOPICAL TERM
Topical term or geographic name entry element
المعاملات (فقه إسلامي)
Source of heading or term
aucsh
650 #7 - SUBJECT ADDED ENTRY--TOPICAL TERM
Topical term or geographic name entry element
القانون التجاري
Geographic subdivision
الأردن
Source of heading or term
aucsh
942 ## - ADDED ENTRY ELEMENTS (KOHA)
Source of classification or shelving scheme
Dewey Decimal Classification
Koha item type
Books
Suppress in OPAC
No
949 ## - LOCAL PROCESSING INFORMATION (OCLC)
a
SA-JeALM
d
250322
u
mohamedma123
n
1
Holdings
Withdrawn status
Lost status
Source of classification or shelving scheme
Damaged status
Not for loan
Home library
Current library
Date acquired
Total checkouts
Full call number
Barcode
Date last seen
Price effective from
Koha item type
Dewey Decimal Classification
DR AbdElwahab Library
DR AbdElwahab Library
03/26/2025
346.568 ع ز ا
000011203
03/26/2025
03/26/2025
Books
Place hold
Print
Add to your cart
(remove)
Save record
BIBTEX
Dublin Core
MARCXML
MARC (non-Unicode/MARC-8)
MARC (Unicode/UTF-8)
MARC (Unicode/UTF-8, Standard)
MODS (XML)
RIS
ISBD
More searches
Search for this title in:
Other Libraries (WorldCat)
Other Databases (Google Scholar)
Online Stores (Bookfinder.com)
Open Library (openlibrary.org)
Exporting to Dublin Core...
×
Simple DC-RDF
OAI-DC
SRW-DC